<?xml version="1.0" encoding="UTF-8"?><?xml-stylesheet type="text/xsl" href="static/style.xsl"?><OAI-PMH xmlns="http://www.openarchives.org/OAI/2.0/" xmlns:xsi="http://www.w3.org/2001/XMLSchema-instance" xsi:schemaLocation="http://www.openarchives.org/OAI/2.0/ http://www.openarchives.org/OAI/2.0/OAI-PMH.xsd"><responseDate>2026-04-27T08:21:05Z</responseDate><request verb="GetRecord" identifier="oai:uvadoc.uva.es:10324/32941" metadataPrefix="marc">https://uvadoc.uva.es/oai/request</request><GetRecord><record><header><identifier>oai:uvadoc.uva.es:10324/32941</identifier><datestamp>2021-06-22T02:13:01Z</datestamp><setSpec>com_10324_150</setSpec><setSpec>col_10324_17430</setSpec></header><metadata><record xmlns="http://www.loc.gov/MARC21/slim" xmlns:doc="http://www.lyncode.com/xoai" xmlns:xsi="http://www.w3.org/2001/XMLSchema-instance" xmlns:dcterms="http://purl.org/dc/terms/" xsi:schemaLocation="http://www.loc.gov/MARC21/slim http://www.loc.gov/standards/marcxml/schema/MARC21slim.xsd">
<leader>00925njm 22002777a 4500</leader>
<datafield tag="042" ind1=" " ind2=" ">
<subfield code="a">dc</subfield>
</datafield>
<datafield tag="720" ind1=" " ind2=" ">
<subfield code="a">Maestre de San Juan, Aureliano</subfield>
<subfield code="e">author</subfield>
</datafield>
<datafield tag="260" ind1=" " ind2=" ">
<subfield code="c">1872</subfield>
</datafield>
<datafield tag="024" ind2=" " ind1="8">
<subfield code="a">http://uvadoc.uva.es/handle/10324/32941</subfield>
</datafield>
<datafield tag="024" ind2=" " ind1="8">
<subfield code="a">b1258235</subfield>
</datafield>
<datafield tag="024" ind2=" " ind1="8">
<subfield code="a">U/Bc LEG 03-3 nº 0269</subfield>
</datafield>
<datafield ind1=" " ind2=" " tag="653">
<subfield code="a">Discursos universitarios --España --Granada</subfield>
</datafield>
<datafield ind1=" " ind2=" " tag="653">
<subfield code="a">Anatomía</subfield>
</datafield>
<datafield tag="245" ind1="0" ind2="0">
<subfield code="a">Origen, estado actual y porvenir de la anatomia : discurso inaugural leido en la solemne apertura del curso academico de 1872 a 1873 de la Universidad Literaria de Granada / por el dr. Aureliano Maestre de San Juan</subfield>
</datafield>
</record></metadata></record></GetRecord></OAI-PMH>